Developments in Central and East European politics 3 / edited by Stephen White, Judy Batt and Paul G. Lewis.

Bibliographic Details
Other Authors: White, Stephen, 1945-, Batt, Judy, Lewis, Paul G., 1945-
Format: Book
Language:English
Published: Durham, N.C. : Duke University Press, 2003.
Subjects:

MARC

Tag First Indicator Second Indicator Subfields
LEADER 00000cam a2200000 a 4500
001 in00001836062
005 20151026073357.0
008 030311s2003 ncuab b 001 0 eng
010 |a  2003005953 
020 |a 0822330946 (pbk) 
020 |a 9780822330943 (pbk) 
035 |a (OCoLC)ocm51867834 
040 |a DLC  |c DLC  |d TXA  |d UtOrBLW 
043 |a ee----- 
049 |a TXAM 
050 0 0 |a JN96.A58  |b D48 2003 
082 0 0 |a 320.94/09171/7  |2 21 
245 0 0 |a Developments in Central and East European politics 3 / edited by Stephen White, Judy Batt and Paul G. Lewis. 
246 3 0 |a Developments in Central and East European politics three 
264 1 |a Durham, N.C. :  |b Duke University Press,  |c 2003. 
300 |a 320 pages :  |b illustrations, map ;  |c 22 cm. 
336 |a text  |b txt  |2 rdacontent 
337 |a unmediated  |b n  |2 rdamedia 
338 |a volume  |b nc  |2 rdacarrier 
504 |a Includes bibliographical references (pages 296-315) and index. 
505 0 |a Introduction: Defining Central and Eastern Europe / Judy Batt -- Poland / Frances Millard -- The Czech Republic and Slovakia / Kieran Williams -- Hungary / Mark Pittaway -- The Balkans since 1989: the winding retreat from national communism / Tom Gallagher -- Ukraine and post-Soviet Europe: authoritarian consolidation or renewed reform? / Andrew Wilson -- Executive leadership: presidents and governments / Ray Taras -- Structures of representation: the new parliaments of Central and Eastern Europe / Petr Kopecky -- Political parties / Paul G. Lewis -- Elections and voting behaviour / Krzysztof Jasiewicz -- Constitutional engineering in Central and Eastern Europe / Klaus von Beyme -- Managing transition economies / George Blazyca -- Changing societies: class and inequality in Central and Eastern Europe / Terry Cox -- The implications of EU enlargement / Heather Grabbe -- Democratization in Central and Eastern Europe: a comparative perspective / Geoffrey Pridham. 
650 0 |a Democracy  |z Europe, Eastern. 
651 0 |a Europe, Eastern  |x Politics and government  |y 1989- 
700 1 |a White, Stephen,  |d 1945- 
700 1 |a Batt, Judy. 
700 1 |a Lewis, Paul G.,  |d 1945- 
948 |a cataloged  |b h  |c 2004/9/2  |d c  |e dmitchel  |f 8:00:00 am 
994 |a C0  |b TXA 
999 |a MARS 
999 f f |s a18012d0-e233-371a-b134-70fbec5da891  |i b9c8dcd3-e302-3edf-902c-ae2bc441215d  |t 0 
952 f f |p ric  |a Texas A&M University  |b Rellis Campus  |c Joint Library Facility  |d Remote Storage  |t 0  |e JN96.A58 D48 2003  |h Library of Congress classification  |i unmediated -- volume  |m A14836327495 
998 f f |a JN96.A58 D48 2003  |t 0  |l Remote Storage